Normal view
MARC view
Entry Personal Name
001 - CONTROL NUMBER
- control field: 16693
003 - CONTROL NUMBER IDENTIFIER
- control field: OSt
005 - DATE AND TIME OF LATEST TRANSACTION
- control field: 20231002121215.0
008 - FIXED-LENGTH DATA ELEMENTS
- fixed length control field: 231002|| aca||aabn | a|a d
040 ## - CATALOGING SOURCE
- Original cataloging agency: OSt
- Transcribing agency: OSt
100 ## - HEADING--PERSONAL NAME
- Personal name: Adrian A Hopgood
670 ## - SOURCE DATA FOUND
- Source citation: Work cat.: (OSt)8176: Adrian A Hopgood, Knowledge -Based Systems for Engineers and Scientists., 1993
